Largest 1M Cities for each First 2 Letters on the World Map - Statistics

General Stats
  • This quiz has been taken 2,063 times
  • The average score is 87 of 143
Answers on the Map
Answers color-coded by a green-red scale on the quiz's map according to % correct below.
 
Answer Stats
City % Correct
New York
96%
Los Angeles
94%
Mexico City
93%
Moscow
93%
Paris
93%
Tokyo
92%
Buenos Aires
90%
Cairo
90%
Miami
90%
Rio de Janeiro
90%
Rome
90%
Istanbul
89%
Lima
89%
Vancouver
89%
Beijing
88%
Bogotá
88%
Dallas
88%
Delhi
88%
Jakarta
88%
São Paulo
88%
Johannesburg
87%
Sydney
87%
Manila
86%
Mumbai
86%
Shanghai
86%
Alexandria
85%
Ankara
85%
Seoul
85%
Tehran
85%
Tunis
85%
Atlanta
84%
Bangkok
84%
Glasgow
84%
Lagos
84%
Quito
84%
Dubai
83%
Perth
83%
Washington
83%
Brasília
82%
Osaka
82%
Philadelphia
82%
Vienna
82%
Addis Ababa
81%
Kinshasa
81%
Prague
81%
Guangzhou
80%
Orlando
80%
Birmingham
79%
Ho Chi Minh City
79%
Karachi
79%
Khartoum
79%
Kolkata
79%
Lyon
79%
Frankfurt
78%
Singapore
78%
Amman
77%
Dhaka
77%
Zurich
77%
Asunción
76%
Kuala Lumpur
76%
Edmonton
75%
Pyongyang
75%
Sofia
75%
Accra
74%
Luanda
74%
Austin
73%
Tripoli
72%
Chennai
71%
Cologne
70%
El Paso
70%
Jeddah
70%
Leeds
69%
Taipei
69%
Cleveland
67%
Hyderabad
67%
Odessa
67%
Tbilisi
67%
Ulaanbaatar
67%
Wuhan
67%
Izmir
65%
Ottawa
65%
Fez
63%
Ouagadougou
62%
Recife
62%
Abidjan
61%
Pittsburgh
61%
Stuttgart
61%
Yangon
61%
Ahmedabad
59%
Cincinnati
57%
Nagoya
56%
N'Djamena
56%
Tianjin
56%
Ürümqi
56%
Xiamen
55%
Fortaleza
53%
Porto Alegre
52%
Nuremberg
50%
Gaza
49%
Pune
49%
Yekaterinburg
46%
Agra
42%
Cebu
42%
Hiroshima
42%
Novosibirsk
41%
Dnipropetrovsk
40%
Douala
39%
Volgograd
39%
Omsk
37%
Curitiba
36%
Hangzhou
36%
Qingdao
36%
Surat
35%
Ibadan
33%
Fuzhou
32%
McAllen
32%
Ufa
32%
Faisalabad
31%
Erbil
29%
Rawalpindi
29%
Zhengzhou
27%
George Town
25%
Greensboro
25%
Goiânia
24%
Hefei
23%
Krasnoyarsk
21%
Qom
21%
Wenzhou
20%
Indore
19%
Mbuji-Mayi
18%
Ningbo
18%
Yogyakarta
17%
Jinan
16%
Gwangju
15%
Zibo
13%
Srinagar
12%
Okayama
11%
Bhilai
10%
Mysore
9%
Onitsha
9%
Xuzhou
9%
Huizhou
6%
Yiwu
3%
No matching quizzes found
Score Distribution
Percent of People with Each Score
Percentile by Number Answered
Your Score History
You have not taken this quiz